Nomi dei calciatori - Quiz n°68 - Statistics

Statistiche generali
  • Questo quiz è stato fatto 34 volte
  • Il punteggio medio è 9 su 10
Statistiche sulle risposte
Hint Risposta % Corretto
Vrsaljko Šime
100%
Di Francesco Federico
97%
Lapadula Gianluca
97%
Nkunku Christopher
93%
Jovetić Stevan
93%
Valdés Víctor
93%
Gagliardini Roberto
90%
ter Stegen Marc-André
87%
Laxalt Diego
83%
Ødegaard Martin
80%
Nessun quiz corrispondente trovato
Distribuzione punteggi
Percentuale di utenti per punteggio
Percentile per numero di risposta
I tuoi punteggi nel tempo
Non hai fatto questo quiz